000 00755nam a2200217Ia 4500
001 586
003 GE_BSU
008 181216s||||||||xx |||||||||||||| ||und||
020 _a9789941130410
040 _cGE_BSU
080 _a39(=35.1)(075.8)
245 _aსაქართველოს ეთნოლოგია
245 _bსახელმძღვანელო უნივ–ს ჰუმანიტარული სპეც.სტუდ.
260 _aთბილისი
260 _bთბილისის უნივერსიტეტის გამ–ბა
260 _c2008
300 _a316გვ.
541 _h12ლ.
653 _aსაქართველოს ეთნოლოგია
942 _cBK
999 _c34776
_d34776